Трехзначные авторские таблицы, согласованные и соединенные с двухзначными

Dettagli Bibliografici
Autore principale: Хавкина Л. Б. Любовь Борисовна
Ente Autore: Всесоюзная книжная палата (ВКП)
Altri autori: Григорьев Ю. В. Юрий Владимирович (редактор)
Lingua:russo
Pubblicazione: Москва, Изд-во Всесоюзной книжной палаты, 1956
Edizione:4-е изд., перераб.
Soggetti:
Natura: MixedMaterials Libro
KOHA link:https://koha.lib.tpu.ru/cgi-bin/koha/opac-detail.pl?biblionumber=324242

MARC

LEADER 00000nam0a2200000 4500
001 324242
005 20231102003641.0
035 |a (RuTPU)RU\TPU\book\349839 
090 |a 324242 
100 |a 20161111d1956 km y0rusy50 ca 
101 0 |a rus 
102 |a RU 
105 |a y z 000zy 
200 1 |a Трехзначные авторские таблицы, согласованные и соединенные с двухзначными  |f Л. Б. Хавкина  |g Всесоюзная книжная палата (ВКП) ; под ред. Ю. В. Григорьева 
205 |a 4-е изд., перераб. 
210 |a Москва  |c Изд-во Всесоюзной книжной палаты  |d 1956 
215 |a 168 с. 
606 1 |a Библиотечные фонды  |2 stltpush  |3 (RuTPU)RU\TPU\subj\28625  |9 52141 
610 1 |a таблицы 
610 1 |a трехзначные таблицы 
610 1 |a расстановка 
610 1 |a поправки 
610 1 |a правила пользования 
686 |a Ч736.1  |v LBC/SL-A  |2 rubbk 
700 1 |a Хавкина  |b Л. Б.  |c российский библиотековед  |c организатор первых библиотечных курсов при Университете Шанявского  |f 1871-1949  |g Любовь Борисовна  |2 stltpush  |3 (RuTPU)RU\TPU\pers\18456  |9 6826 
702 1 |a Григорьев  |b Ю. В.  |c российский библиотековед  |c книговед  |f 1899-1973  |g Юрий Владимирович  |2 stltpush  |3 (RuTPU)RU\TPU\pers\13386  |4 340  |9 4041 
712 0 2 |a Всесоюзная книжная палата (ВКП)  |c (Москва)  |c (1936-1992)  |2 stltpush  |3 (RuTPU)RU\TPU\col\11219 
801 1 |a RU  |b 63413507  |c 20161111 
801 2 |a RU  |b 63413507  |c 20200323  |g RCR 
942 |c BK